[Event "FIN-chT1A 1516"]
[Site "Finland"]
[Date "2015.10.11"]
[Round "4.4"]
[White "Wilen, Eero"]
[Black "Lehtimaki, Tero"]
[Result "0-1"]
[WhiteElo "2083"]
[BlackElo "2123"]
[PlyCount "102"]
[EventDate "2015.09.12"]
[EventType "team-tourn"]
[EventRounds "8"]
[EventCountry "FIN"]
[SourceTitle "EXT 2017"]
[Source "ChessBase"]
[SourceDate "2016.10.25"]
[SourceVersion "1"]
[SourceVersionDate "2016.10.25"]
[SourceQuality "1"]
[WhiteTeam "Helsinki I-HSK"]
[BlackTeam "Sastamala VammSK"]
[WhiteTeamCountry "FIN"]
[BlackTeamCountry "FIN"]

1. d4 Nf6 2. c4 c5 3. d5 b5 4. cxb5 a6 5. bxa6 g6 6. b3 Bg7 7. Bb2 0-0 8. g3 d6 9. Bg2 Nxa6 10. Qd2 Bf5 11. Nc3 Nb4 12. Kf1 Qa5 13. Nf3 Ne4 14. Nxe4 Bxb2 15. Qxb2 Bxe4 16. Ng5 Bxd5 17. h4 Qa3 18. Qd2 Qxb3 19. Bxd5 Qxd5 20. Qxd5 Nxd5 21. Kg2 Ra3 22. h5 h6 23. Ne4 g5 24. Rhb1 Nb4 25. Rb2 Rfa8 26. Nd2 Rxa2 27. Raxa2 Rxa2 28. Rxa2 Nxa2 29. e4 Kg7 30. Kf3 Kf6 31. Ke3 Nb4 32. f4 Nc2+ 33. Kd3 Nd4 34. Ke3 Ne6 35. f5 Ng7 36. g4 Ne8 37. Nc4 e6 38. fxe6 fxe6 39. e5+ dxe5 40. Ke4 Ke7 41. Kxe5 Nf6 42. Ne3 Kf7 43. Kd6 c4 44. Nxc4 Nxg4 45. Kc5 Kf6 46. Kd6 Nf2 47. Ne3 g4 48. Ng2 g3 49. Nf4 Nd3 50. Ng2 e5 51. Ne3 Kg5 0-1

[Event "FIN-chT 1415"]
[Site "Finland"]
[Date "2014.10.19"]
[Round "4.3"]
[White "Lehtimaki, Tero"]
[Black "Rehn, Ralf"]
[Result "1/2-1/2"]
[WhiteElo "2105"]
[BlackElo "2147"]
[PlyCount "82"]
[EventDate "2014.09.27"]
[EventType "team-tourn"]
[EventRounds "11"]
[EventCountry "FIN"]
[SourceTitle "EXT 2016"]
[Source "ChessBase"]
[SourceDate "2015.10.08"]
[SourceVersion "1"]
[SourceVersionDate "2015.10.08"]
[SourceQuality "1"]
[WhiteTeam "Sastamala VammSK"]
[BlackTeam "Espoo MatSK II"]
[WhiteTeamCountry "FIN"]
[BlackTeamCountry "FIN"]

1. e4 g6 2. d4 Bg7 3. Nc3 d6 4. Bg5 c5 5. dxc5 Qa5 6. Qd2 Bxc3 7. bxc3 Qxc5 8. Bd3 Nc6 9. Ne2 Ne5 10. 0-0 Bd7 11. Be3 Nc4 12. Bxc5 Nxd2 13. Bd4 e5 14. Rfd1 exd4 15. Rxd2 dxc3 16. Nxc3 Rc8 17. Nb5 Bxb5 18. Bxb5+ Ke7 19. Rad1 Rc5 20. Ba4 Rc4 21. Bb3 Rxe4 22. Rxd6 Nf6 23. f3 Re5 24. Kf2 Rc8 25. R6d4 Rc7 26. h4 a5 27. a4 Nd7 28. Bxf7 Rxc2+ 29. R1d2 Rxd2+ 30. Rxd2 Nc5 31. Bd5 b6 32. Bc6 Re6 33. Bb5 h6 34. g4 Rd6 35. Re2+ Kf7 36. Re8 Ne6 37. Rb8 Kf6 38. Ke3 g5 39. h5 Nf4 40. Bc4 Rc6 41. Kd4 Ke7 1/2-1/2

[Event "FIN-chT 1314"]
[Site "Finland"]
[Date "2013.11.02"]
[Round "5.5"]
[White "Lehtimaki, Tero"]
[Black "Kauko, Jussi Matti"]
[Result "0-1"]
[WhiteElo "2123"]
[BlackElo "2269"]
[PlyCount "44"]
[EventDate "2013.09.21"]
[EventType "team-tourn"]
[EventRounds "11"]
[EventCountry "FIN"]
[SourceTitle "EXT 2014"]
[Source "ChessBase"]
[SourceDate "2013.11.20"]
[SourceVersion "1"]
[SourceVersionDate "2013.11.20"]
[SourceQuality "1"]
[WhiteTeam "Turku TuTS"]
[BlackTeam "Sastamala VammSK"]
[WhiteTeamCountry "FIN"]
[BlackTeamCountry "FIN"]

1. e4 c5 2. d4 cxd4 3. c3 dxc3 4. Nxc3 Nc6 5. Nf3 d6 6. Bc4 a6 7. e5 e6 8. exd6 Bxd6 9. Qe2 Nf6 10. 0-0 h6 11. Rd1 Qe7 12. Ne4 Nxe4 13. Qxe4 e5 14. Nh4 Nd4 15. Bxf7+ Kxf7 16. Ng6 Bf5 17. Nxh8+ Rxh8 18. Qd5+ Be6 19. Qe4 Rd8 20. Be3 Bf5 21. Qd5+ Kg6 22. Kh1 Ba3 0-1

[Event "FIN-chT 1314"]
[Site "Finland"]
[Date "2013.09.21"]
[Round "1.8"]
[White "Torkkola, Henri"]
[Black "Lehtimaki, Tero"]
[Result "1-0"]
[WhiteElo "2105"]
[BlackElo "2123"]
[PlyCount "85"]
[EventDate "2013.09.21"]
[EventType "team-tourn"]
[EventRounds "11"]
[EventCountry "FIN"]
[SourceTitle "EXT 2015"]
[Source "ChessBase"]
[SourceDate "2014.11.20"]
[SourceVersion "1"]
[SourceVersionDate "2014.11.20"]
[SourceQuality "1"]
[WhiteTeam "Tampere Tammer"]
[BlackTeam "Turku TuTS"]
[WhiteTeamCountry "FIN"]
[BlackTeamCountry "FIN"]

1. d4 Nf6 2. Nf3 c5 3. g3 cxd4 4. Nxd4 Nc6 5. Bg2 g6 6. 0-0 Bg7 7. e4 0-0 8. Nc3 Nxd4 9. Qxd4 d6 10. Qb4 Qc7 11. Bg5 Be6 12. a4 a5 13. Qa3 Rab8 14. Rac1 Rfc8 15. Nb5 Qc5 16. Qxc5 dxc5 17. Bf4 Bc4 18. Rfd1 Bxb5 19. axb5 Ne8 20. Bxb8 Rxb8 21. Rd7 Bxb2 22. Rb1 Bd4 23. e5 b6 24. Rxe7 Kf8 25. Ra7 Bxe5 26. Re1 Bf6 27. Rd7 Rd8 28. Rb7 Nd6 29. Rxb6 Bd4 30. Bc6 c4 31. Ra6 Rb8 32. Rd1 Bc5 33. Rd5 Ne4 34. Rxa5 Bxf2+ 35. Kg2 Bb6 36. Ra6 Nc3 37. Rd7 Bc5 38. Bd5 Ke8 39. Bc6 Kf8 40. Ra8 Rxa8 41. Bxa8 Bb6 42. Bc6 Ne2 43. Bd5 1-0

[Event "FIN Team Cup"]
[Site "Finland"]
[Date "2013.08.10"]
[Round "4.4"]
[White "Lehtimaki, Tero"]
[Black "Pessi, Juha"]
[Result "1/2-1/2"]
[WhiteElo "2097"]
[BlackElo "2078"]
[PlyCount "100"]
[EventDate "2013.04.06"]
[EventType "team-k.o."]
[EventRounds "6"]
[EventCountry "FIN"]
[SourceTitle "EXT 2022"]
[Source "ChessBase"]
[SourceDate "2021.10.06"]
[SourceVersion "1"]
[SourceVersionDate "2021.10.06"]
[SourceQuality "1"]
[WhiteTeam "Vammala SK"]
[BlackTeam "Tampere Tammer II"]
[WhiteTeamCountry "FIN"]
[BlackTeamCountry "FIN"]

1. e4 Nf6 2. Nc3 d6 3. d4 g6 4. Bg5 Bg7 5. Qd2 h6 6. Bh4 0-0 7. f4 Nc6 8. Nf3 Bg4 9. d5 Nb4 10. a3 Na6 11. Bc4 Nc5 12. Qe3 c6 13. dxc6 bxc6 14. e5 Nfe4 15. Nxe4 Nxe4 16. Qxe4 d5 17. Qd4 Bxf3 18. gxf3 dxc4 19. 0-0-0 Qxd4 20. Rxd4 c3 21. Bxe7 cxb2+ 22. Kxb2 Rfb8+ 23. Ka2 Rb6 24. Rhd1 g5 25. fxg5 Bxe5 26. Rb4 hxg5 27. Bxg5 f6 28. Bh4 c5 29. Rxb6 axb6 30. c4 Kf7 31. Rd7+ Ke6 32. Rb7 Ra6 33. Kb3 Kf5 34. Bg3 Ke6 35. Bxe5 Kxe5 36. h4 Kf4 37. Rf7 f5 38. h5 Kg5 39. h6 Kxh6 40. Rxf5 Kg6 41. Rd5 Kf6 42. f4 Ke6 43. Rh5 Kf6 44. a4 Ke6 45. a5 Rxa5 46. Rh6+ Kf5 47. Rxb6 Kxf4 48. Rb5 Rxb5+ 49. cxb5 Ke5 50. Kc4 Kd6 1/2-1/2

[Event "FIN-ch op"]
[Site "Naantali"]
[Date "2013.07.05"]
[Round "7"]
[White "Lehtimaki, Tero"]
[Black "Valkama, Eero"]
[Result "1/2-1/2"]
[WhiteElo "2097"]
[BlackElo "1881"]
[PlyCount "54"]
[EventDate "2013.07.01"]
[EventType "swiss"]
[EventRounds "9"]
[EventCountry "FIN"]
[SourceTitle "EXT 2014"]
[Source "ChessBase"]
[SourceDate "2013.11.20"]
[SourceVersion "1"]
[SourceVersionDate "2013.11.20"]
[SourceQuality "1"]

1. Nc3 Nf6 2. e4 e5 3. Nf3 Nc6 4. d4 exd4 5. Nxd4 Bb4 6. Nxc6 bxc6 7. Bd3 d5 8. exd5 cxd5 9. 0-0 0-0 10. Bg5 c6 11. Qf3 Be7 12. Rfe1 Rb8 13. b3 Bb4 14. Bd2 Bg4 15. Qg3 Qd7 16. Qh4 Bf5 17. a3 Bxd3 18. cxd3 Be7 19. Qa4 Rfd8 20. b4 c5 21. Qxd7 Rxd7 22. Bf4 Rc8 23. b5 Nh5 24. Be5 f6 25. Bg3 Nxg3 26. hxg3 Kf7 27. a4 c4 1/2-1/2

[Event "FIN-ch op"]
[Site "Naantali"]
[Date "2013.07.01"]
[Round "1"]
[White "Lehtimaki, Tero"]
[Black "Riihimaki, Pekka"]
[Result "1-0"]
[WhiteElo "2097"]
[BlackElo "1963"]
[PlyCount "55"]
[EventDate "2013.07.01"]
[EventType "swiss"]
[EventRounds "9"]
[EventCountry "FIN"]
[SourceTitle "EXT 2014"]
[Source "ChessBase"]
[SourceDate "2013.11.20"]
[SourceVersion "1"]
[SourceVersionDate "2013.11.20"]
[SourceQuality "1"]

1. e4 c5 2. d4 cxd4 3. c3 dxc3 4. Nxc3 Nc6 5. Nf3 d6 6. Bc4 e6 7. 0-0 Nf6 8. Qe2 Be7 9. Rd1 e5 10. Be3 0-0 11. b4 Nxb4 12. Nxe5 Be6 13. a3 Nc6 14. Nf3 Qa5 15. Bxe6 Qxc3 16. Bd5 Nxd5 17. exd5 Ne5 18. Nd4 Qc7 19. f4 Nd7 20. Rac1 Qd8 21. Nf5 Nf6 22. Bd4 Re8 23. Qb2 Bf8 24. Rd3 Nh5 25. Kh1 Nxf4 26. Bxg7 f6 27. Rg3 Bxg7 28. Rxg7+ 1-0

[Event "FIN-chT 1213"]
[Site "Finland"]
[Date "2012.11.17"]
[Round "6.4"]
[White "Lehtimaki, Tero"]
[Black "Agopov, Mikael"]
[Result "0-1"]
[WhiteElo "2108"]
[BlackElo "2431"]
[PlyCount "62"]
[EventDate "2012.09.28"]
[EventType "team-tourn"]
[EventRounds "11"]
[EventCountry "FIN"]
[SourceTitle "CBM 151 Extra"]
[Source "ChessBase"]
[SourceDate "2012.12.18"]
[SourceVersion "1"]
[SourceVersionDate "2012.12.18"]
[SourceQuality "1"]
[WhiteTeam "Sastamala VammSK"]
[BlackTeam "Porvoo Velhot"]
[WhiteTeamCountry "FIN"]
[BlackTeamCountry "FIN"]

1. e4 c5 2. d4 cxd4 3. c3 Nf6 4. e5 Nd5 5. Nf3 Nc6 6. cxd4 d6 7. Bc4 Nb6 8. Bb3 dxe5 9. d5 Na5 10. Nc3 f6 11. Be3 g6 12. h3 Bg7 13. 0-0 Bd7 14. Qe2 0-0 15. Rfd1 Nxb3 16. axb3 Nc8 17. Ne4 Nd6 18. Bxa7 f5 19. Nc5 Bb5 20. Qe3 f4 21. Qc3 Be2 22. Re1 Bxf3 23. Qxf3 Rxa7 24. Rxa7 Qb6 25. Nd7 Qxa7 26. Nxf8 Kxf8 27. Rc1 Qd4 28. Ra1 Bf6 29. Ra5 Kg7 30. Ra8 Qxb2 31. Qg4 Ne4 0-1

[Event "Naantali op"]
[Site "Naantali"]
[Date "2012.07.05"]
[Round "5"]
[White "Valkama, Eero"]
[Black "Lehtimaki, Tero"]
[Result "1/2-1/2"]
[WhiteElo "1803"]
[BlackElo "2106"]
[PlyCount "42"]
[EventDate "2012.07.02"]
[EventType "swiss"]
[EventRounds "9"]
[EventCountry "FIN"]
[SourceTitle "CBM 149 Extra"]
[Source "ChessBase"]
[SourceDate "2012.08.24"]
[SourceVersion "1"]
[SourceVersionDate "2012.08.24"]
[SourceQuality "1"]

1. e4 c5 2. Nf3 g6 3. d4 cxd4 4. Nxd4 Nc6 5. c4 Nf6 6. Nc3 d6 7. Be2 Nxd4 8. Qxd4 Bg7 9. Be3 0-0 10. Qd2 Be6 11. f3 Qa5 12. Rc1 Rfc8 13. b3 a6 14. Na4 Qxd2+ 15. Kxd2 Nd7 16. g4 f5 17. exf5 gxf5 18. h3 Rf8 19. Nc3 fxg4 20. hxg4 Ne5 21. Rcf1 Rac8 1/2-1/2

[Event "Naantali op"]
[Site "Naantali"]
[Date "2012.07.04"]
[Round "4"]
[White "Lehtimaki, Tero"]
[Black "Haanpaa, Jorma"]
[Result "1-0"]
[WhiteElo "2106"]
[BlackElo "2033"]
[PlyCount "61"]
[EventDate "2012.07.02"]
[EventType "swiss"]
[EventRounds "9"]
[EventCountry "FIN"]
[SourceTitle "CBM 149 Extra"]
[Source "ChessBase"]
[SourceDate "2012.08.24"]
[SourceVersion "1"]
[SourceVersionDate "2012.08.24"]
[SourceQuality "1"]

1. e4 d5 2. Nc3 Nf6 3. e5 d4 4. exf6 dxc3 5. fxg7 cxd2+ 6. Qxd2 Qxd2+ 7. Bxd2 Bxg7 8. 0-0-0 0-0 9. Ne2 Nc6 10. Bc3 Ne5 11. h3 c5 12. Rd5 Nd7 13. Bxg7 Kxg7 14. Ng3 e6 15. Rd2 Nf6 16. Be2 b6 17. Bf3 Rb8 18. Re1 Bb7 19. Bxb7 Rxb7 20. f4 Re8 21. Rde2 Rbe7 22. Nf5+ exf5 23. Rxe7 Rxe7 24. Rxe7 Nh5 25. Rxa7 Nxf4 26. Rb7 Nxg2 27. Rxb6 f4 28. Kd2 f3 29. Rb3 Nh4 30. a4 c4 31. Rc3 1-0

[Event "FIN-chT 1112"]
[Site "Finland"]
[Date "2012.03.10"]
[Round "10.7"]
[White "Lehtimaki, Tero"]
[Black "Hentunen, Asko"]
[Result "1/2-1/2"]
[WhiteElo "2063"]
[BlackElo "2321"]
[PlyCount "35"]
[EventDate "2011.09.17"]
[EventType "team-tourn"]
[EventRounds "11"]
[EventCountry "FIN"]
[SourceTitle "EXT 2013"]
[Source "ChessBase"]
[SourceDate "2012.11.22"]
[SourceVersion "1"]
[SourceVersionDate "2012.11.22"]
[SourceQuality "1"]
[WhiteTeam "Sastamala VammSK"]
[BlackTeam "Espoo"]
[WhiteTeamCountry "FIN"]
[BlackTeamCountry "FIN"]

1. e4 c5 2. d4 g6 3. dxc5 Qa5+ 4. Nc3 Bg7 5. Bd2 Qxc5 6. Nd5 Na6 7. Bc3 Bxc3+ 8. Nxc3 Nf6 9. Nf3 Qb4 10. Qd4 0-0 11. Bxa6 Qxd4 12. Nxd4 bxa6 13. f3 Bb7 14. 0-0-0 d6 15. Nb3 Rad8 16. Rd2 Rd7 17. Re1 Rfd8 18. e5 1/2-1/2

[Event "Salo We SalSK"]
[Site "Salo"]
[Date "2012.??.??"]
[Round "2"]
[White "Lehtimaki, Tero"]
[Black "Skrjabin, Igor"]
[Result "1-0"]
[WhiteElo "2077"]
[BlackElo "2053"]
[PlyCount "111"]
[EventDate "2012.??.??"]
[EventType "swiss"]
[EventRounds "5"]
[EventCountry "FIN"]
[SourceTitle "EXT 2022"]
[Source "ChessBase"]
[SourceDate "2021.10.06"]
[SourceVersion "1"]
[SourceVersionDate "2021.10.06"]
[SourceQuality "1"]

1. e4 e5 2. Nf3 Nf6 3. Nc3 Nc6 4. d4 d6 5. dxe5 Nxe5 6. Nxe5 dxe5 7. Qxd8+ Kxd8 8. Bc4 Be6 9. Bxe6 fxe6 10. f3 c6 11. Be3 Kc7 12. 0-0-0 Be7 13. Rd3 b6 14. h3 Rad8 15. Rhd1 Rxd3 16. Rxd3 Rd8 17. Kd2 Rxd3+ 18. Kxd3 Nd7 19. a4 Bc5 20. h4 Bxe3 21. Kxe3 Kd6 22. b4 a6 23. Nd1 b5 24. a5 c5 25. c3 c4 26. g4 Nf6 27. h5 h6 28. Kf2 Ke7 29. Ne3 Kd6 30. Kg3 Kd7 31. Kh4 Nh7 32. Nd1 Ng5 33. Kg3 Kd6 34. Nf2 Nf7 35. Nh3 Ng5 36. Nf2 Kc6 37. Nd1 Kd6 38. Ne3 Kc6 39. Ng2 Kd6 40. Nh4 Nf7 41. Ng6 Nd8 42. Kf2 Nc6 43. Ke3 Ne7 44. Nh4 Ng8 45. f4 exf4+ 46. Kxf4 e5+ 47. Kf3 Ne7 48. Ng2 Nc6 49. Ne3 Ne7 50. g5 Ke6 51. Kg4 hxg5 52. Kxg5 Kf7 53. Nd5 Nxd5 54. exd5 Ke7 55. Kf5 Kd6 56. Ke4 1-0

[Event "Turku We TuTS A"]
[Site "Turku"]
[Date "2011.11.27"]
[Round "4"]
[White "Lehtimaki, Tero"]
[Black "Hosia, Akseli"]
[Result "1-0"]
[WhiteElo "2056"]
[BlackElo "1840"]
[PlyCount "39"]
[EventDate "2011.11.25"]
[EventType "swiss"]
[EventRounds "5"]
[EventCountry "FIN"]
[SourceTitle "EXT 2022"]
[Source "ChessBase"]
[SourceDate "2021.10.06"]
[SourceVersion "1"]
[SourceVersionDate "2021.10.06"]
[SourceQuality "1"]

1. e4 e6 2. Nf3 d5 3. Nc3 Nf6 4. e5 Nfd7 5. d4 c5 6. dxc5 Bxc5 7. Bd3 Nc6 8. Bf4 a6 9. 0-0 Qc7 10. Qe2 Nd4 11. Nxd4 Bxd4 12. Rae1 g5 13. Bg3 h5 14. Nxd5 exd5 15. e6 Ne5 16. Bxe5 Bxe5 17. Qxe5 Qxe5 18. exf7+ Kxf7 19. Rxe5 Be6 20. Rfe1 1-0

[Event "Turku We TuTS A"]
[Site "Turku"]
[Date "2011.11.26"]
[Round "3"]
[White "Sipila, Vilka"]
[Black "Lehtimaki, Tero"]
[Result "1-0"]
[WhiteElo "2262"]
[BlackElo "2056"]
[PlyCount "109"]
[EventDate "2011.11.25"]
[EventType "swiss"]
[EventRounds "5"]
[EventCountry "FIN"]
[SourceTitle "EXT 2022"]
[Source "ChessBase"]
[SourceDate "2021.10.06"]
[SourceVersion "1"]
[SourceVersionDate "2021.10.06"]
[SourceQuality "1"]

1. d4 Nf6 2. c4 c5 3. d5 b5 4. Qc2 Na6 5. a3 e6 6. e4 bxc4 7. Bxc4 exd5 8. exd5 Be7 9. Ne2 0-0 10. 0-0 d6 11. Ng3 Nc7 12. Nc3 Bb7 13. Rd1 Re8 14. Nf5 Ng4 15. Bf4 g6 16. h3 gxf5 17. hxg4 fxg4 18. Bd3 Bg5 19. Bxh7+ Kg7 20. Bg3 Rh8 21. Bf5 Qf6 22. Bxg4 Qh6 23. Bh3 Bc8 24. Ne4 Bxh3 25. gxh3 Qxh3 26. Qc3+ f6 27. Qf3 Nb5 28. Nxg5 fxg5 29. Rd3 g4 30. Qg2 Qh5 31. Bh2 Nd4 32. Bxd6 Ne2+ 33. Kf1 Rae8 34. Re3 Rxe3 35. fxe3 Qh1+ 36. Kf2 g3+ 37. Bxg3 Rf8+ 38. Bf4+ Qxg2+ 39. Kxg2 Nxf4+ 40. exf4 Rxf4 41. Rc1 c4 42. Rd1 Kf7 43. Kg3 Rf6 44. Rd4 Rb6 45. Rxc4 Ke7 46. b4 Kd6 47. Rd4 Rb5 48. Kf4 Rxd5 49. Ke4 Rxd4+ 50. Kxd4 Kc6 51. a4 a6 52. Ke5 Kb6 53. Kd6 Kb7 54. a5 Kb8 55. Kc6 1-0

[Event "FIN-chT 1112"]
[Site "Finland"]
[Date "2011.11.20"]
[Round "6.7"]
[White "Lammi, Jyri"]
[Black "Lehtimaki, Tero"]
[Result "1/2-1/2"]
[WhiteElo "2152"]
[BlackElo "2063"]
[PlyCount "93"]
[EventDate "2011.09.17"]
[EventType "team-tourn"]
[EventRounds "11"]
[EventCountry "FIN"]
[SourceTitle "EXT 2013"]
[Source "ChessBase"]
[SourceDate "2012.11.22"]
[SourceVersion "1"]
[SourceVersionDate "2012.11.22"]
[SourceQuality "1"]
[WhiteTeam "Helsinki Aatos"]
[BlackTeam "Sastamala VammSK"]
[WhiteTeamCountry "FIN"]
[BlackTeamCountry "FIN"]

1. d4 Nf6 2. Nf3 c5 3. e3 cxd4 4. exd4 d5 5. Bd3 Nc6 6. c3 Bg4 7. 0-0 e6 8. Bg5 Be7 9. Nbd2 0-0 10. Re1 Qc7 11. Qe2 Rfc8 12. Qe3 Bh5 13. Ne5 Nxe5 14. dxe5 Ne8 15. Nb3 Bg6 16. Rad1 Qd8 17. Bxe7 Qxe7 18. Nd4 a6 19. Qf4 b5 20. a3 Bxd3 21. Rxd3 Rc4 22. Rh3 a5 23. b3 Rc5 24. Qd2 Rb8 25. Qd3 h6 26. b4 Rc4 27. f4 axb4 28. axb4 Rbc8 29. Qd2 Qc7 30. Nxb5 Qb6+ 31. Nd4 Nc7 32. Kh1 Nb5 33. Nxb5 Qxb5 34. Rg3 d4 35. f5 Rxc3 36. fxe6 fxe6 37. Qxh6 Qxe5 38. Qd2 Qxe1+ 39. Qxe1 Rc1 40. Qg1 e5 41. Rd3 Rxg1+ 42. Kxg1 Rc2 43. Rb3 Rc6 44. b5 Rb6 45. Kf2 Kf7 46. Kf3 Ke6 47. Ke4 1/2-1/2

[Event "FIN-chT1B 1011"]
[Site "Finland"]
[Date "2011.02.12"]
[Round "7.2"]
[White "Nordlund, Jukka"]
[Black "Lehtimaki, Tero"]
[Result "1/2-1/2"]
[WhiteElo "2102"]
[BlackElo "2063"]
[PlyCount "34"]
[EventDate "2010.09.18"]
[EventType "team-tourn"]
[EventRounds "9"]
[EventCountry "FIN"]
[SourceTitle "EXT 2022"]
[Source "ChessBase"]
[SourceDate "2021.10.06"]
[SourceVersion "1"]
[SourceVersionDate "2021.10.06"]
[SourceQuality "1"]
[WhiteTeam "Pori PSY"]
[BlackTeam "Sastamala VammSK"]
[WhiteTeamCountry "FIN"]
[BlackTeamCountry "FIN"]

1. d4 Nf6 2. c4 c5 3. d5 b5 4. cxb5 a6 5. bxa6 g6 6. Nc3 Bxa6 7. g3 d6 8. Bg2 Bg7 9. Nf3 Nbd7 10. Rb1 Nb6 11. b3 Bc8 12. Nh4 h6 13. Qc2 Qd7 14. Bb2 g5 15. Nf3 Qf5 16. e4 Qg6 17. 0-0 0-0 1/2-1/2

[Event "FIN-chT 0910"]
[Site "Finland"]
[Date "2009.11.15"]
[Round "5.8"]
[White "Eskola, Risto"]
[Black "Lehtimaki, Tero"]
[Result "1-0"]
[WhiteElo "2109"]
[BlackElo "2000"]
[PlyCount "119"]
[EventDate "2009.09.19"]
[EventType "team-tourn"]
[EventRounds "9"]
[EventCountry "FIN"]
[SourceTitle "EXT 2022"]
[Source "ChessBase"]
[SourceDate "2021.10.06"]
[SourceVersion "1"]
[SourceVersionDate "2021.10.06"]
[SourceQuality "1"]
[WhiteTeam "Vantaa EtVaS"]
[BlackTeam "Sastamala VammSK"]
[WhiteTeamCountry "FIN"]
[BlackTeamCountry "FIN"]

1. e4 c5 2. Nc3 g6 3. g3 Bg7 4. Bg2 Nc6 5. d3 d6 6. f4 Nf6 7. h3 0-0 8. Nf3 Ne8 9. 0-0 Nd4 10. Be3 Rb8 11. Qd2 b5 12. f5 b4 13. Nd1 a5 14. g4 a4 15. Bh6 a3 16. Bxg7 Kxg7 17. b3 f6 18. Ne3 Nxf3+ 19. Bxf3 g5 20. h4 h6 21. Kg2 Nc7 22. Rh1 Bb7 23. hxg5 hxg5 24. Rh5 Qd7 25. d4 cxd4 26. Qxd4 Qb5 27. Rxg5+ Kf7 28. Rh5 Qc5 29. Rh7+ Ke8 30. Rd1 Nb5 31. Qc4 Qxc4 32. Nxc4 Rd8 33. Nb6 Rg8 34. Kf2 Kf8 35. Ke3 Nc3 36. Rd4 Nxa2 37. Rc4 Rg7 38. Rh1 Ba6 39. Rc7 Nc3 40. Ra7 Bb5 41. Nd5 Nxd5+ 42. exd5 Kf7 43. Rb7 Bd7 44. Rxb4 Ra8 45. Rb7 Bc8 46. Rb4 Bd7 47. Kd2 a2 48. Ra1 Rh7 49. Kc1 Rh2 50. Kb2 Rc8 51. Be4 Rh4 52. Bd3 Rg8 53. Rb7 Bc8 54. Rc7 Rhxg4 55. Re1 a1Q+ 56. Rxa1 R4g5 57. Rf1 Rh8 58. b4 Rg4 59. Kc3 Rg3 60. b5 1-0

[Event "Wch U20"]
[Site "Puerto Madryn"]
[Date "2009.10.27"]
[Round "7"]
[White "Lehtimaki, Tero"]
[Black "Decuadro, Sebastian"]
[Result "1-0"]
[WhiteElo "2000"]
[BlackElo "2034"]
[PlyCount "85"]
[EventDate "2009.10.22"]
[EventType "swiss"]
[EventRounds "13"]
[EventCountry "ARG"]
[SourceTitle "EXT 2010"]
[Source "ChessBase"]
[SourceDate "2010.11.25"]
[SourceVersion "1"]
[SourceVersionDate "2010.11.25"]
[SourceQuality "1"]

1. e4 c5 2. d4 cxd4 3. c3 d5 4. exd5 Qxd5 5. cxd4 Nc6 6. Nf3 e6 7. Nc3 Qd6 8. Bc4 Nf6 9. 0-0 Be7 10. Be3 0-0 11. Rc1 Nb4 12. Ne5 Nbd5 13. Bg5 a6 14. Bb3 b5 15. Nxd5 Nxd5 16. Bxe7 Nxe7 17. Rc3 Bb7 18. Bc2 Ng6 19. Qh5 Qd5 20. Rg3 Rac8 21. Bb1 Rc7 22. Rg4 f5 23. Nxg6 fxg4 24. Qxd5 Bxd5 25. Nxf8 Kxf8 26. Bxh7 Bxa2 27. f3 Bc4 28. Rf2 gxf3 29. Rxf3+ Rf7 30. Kf2 a5 31. Bc2 a4 32. h4 Rxf3+ 33. gxf3 Ke7 34. Ke3 Kf6 35. f4 Bd5 36. Kd2 Ke7 37. Kc3 Bc4 38. Bxa4 Be2 39. Bc2 Bf3 40. Bd3 Kf6 41. Kb4 Bc6 42. Kc5 Be8 43. b4 1-0

[Event "Wch U20"]
[Site "Puerto Madryn"]
[Date "2009.10.22"]
[Round "1"]
[White "Lehtimaki, Tero"]
[Black "Potapov, Pavel"]
[Result "1/2-1/2"]
[WhiteElo "2000"]
[BlackElo "2429"]
[PlyCount "79"]
[EventDate "2009.10.22"]
[EventType "swiss"]
[EventRounds "13"]
[EventCountry "ARG"]
[SourceTitle "EXT 2010"]
[Source "ChessBase"]
[SourceDate "2010.11.25"]
[SourceVersion "1"]
[SourceVersionDate "2010.11.25"]
[SourceQuality "1"]

1. e4 c5 2. d4 cxd4 3. c3 Nf6 4. e5 Nd5 5. Nf3 Nc6 6. cxd4 g6 7. Bc4 Nb6 8. Bb3 Bg7 9. Bf4 0-0 10. 0-0 d6 11. exd6 Bg4 12. h3 Bxf3 13. Qxf3 Nxd4 14. Qxb7 Ne2+ 15. Kh1 exd6 16. Be3 Bxb2 17. Nd2 Bxa1 18. Rxa1 Nf4 19. Ne4 Ne6 20. Bh6 Re8 21. Rd1 Qh4 22. Bxe6 Rxe6 23. Ng5 Rf6 24. Rxd6 Qxh6 25. Rxf6 Qxg5 26. Rxb6 Qc1+ 27. Kh2 Qf4+ 28. Kg1 Rd8 29. Rb1 a5 30. a3 Qf5 31. Rc1 h5 32. Qc7 Rd3 33. Qb8+ Kh7 34. Qb2 Qd7 35. Re1 a4 36. Qb4 Rd1 37. Rxd1 Qxd1+ 38. Kh2 Kg7 39. Qc3+ Kf8 40. Qb4+ 1/2-1/2